Κατάλογος Βιβλιοθηκών Mediterranean College

Οργάνωση και Διοίκηση Παραγωγής (Record no. 4569)

MARC details
000 -LEADER
fixed length control field 02458cam a22002174a 4500
005 - ΗΜΕΡΟΜΗΝΙΑ ΚΑΙ ΩΡΑ ΤΕΛΕΥΤΑΙΑΣ ΕΝΗΜΕΡΩΣΗΣ
Πεδίο ελέγχου 20250605164149.0
008 - FIXED-LENGTH DATA ELEMENTS--GENERAL INFORMATION
Πεδίο ελέγχου σταθερού μήκους 250528s ||||||||||||||||||||||||d
035 ## - SYSTEM CONTROL NUMBER
System control number 19309
020 ## - ISBN
ISBN 9608165032
040 ## - ΠΗΓΗ ΚΑΤΑΛΟΓΟΓΡΑΦΗΣΗΣ
Φορέας πρωτότυπης καταλογογράφησης MC Athens Campus Library
Γλώσσα καταλογογράφησης Ελληνικά, Μοντέρνα (1453-)
Modifying agency MC Athens Campus Library
Κανόνες περιγραφικής καταλογογράφησης AACR2
245 1# - ΤΙΤΛΟΣ ΚΑΙ ΔΗΛΩΣΗ ΥΠΕΥΘΥΝΟΤΗΤΑΣ
Τίτλος Οργάνωση και Διοίκηση Παραγωγής
250 ## - EDITION STATEMENT
Edition statement
260 ## - PUBLICATION, DISTRIBUTION, ETC.
Name of publisher, distributor, etc. Σύγχρονη Εκδοτική,
Date of publication, distribution, etc. 2009
300 ## - PHYSICAL DESCRIPTION
Extent 304
505 0# - FORMATTED CONTENTS NOTE
Formatted contents note Εισαγωγή στη Βιομηχανική Παραγωγή Παγκοσμίου Κλάσεως (World Class Manufacturing), Συστήματα Παραγωγής και Στοιχεία Βελτιστοποίησης Χώρου (Plant Layout), Νέες Τεχνολογίες Παραγωγήε: CAD AND CAM κ.τ.λ., Μελέτες Εργασίας και Πρότυποι Χρόνοι, Προγραμματισμός Παραγωγής και Προσέγγιση Just In Time (JIT), Διαχείριση Υλικών και Έλεγχος Αποθεμάτων, Διασφάλιση Ποιότητας και Έλεγχος Παραγωγής, Προληπτική Συντήρηση Εξοπλισμού κατά TPM (Total Productive Maintenance), Ευέλικτα Συστήματα Παραγωγής (Flexible Manufacturing Systems - FMS), Αρχές Άνεσης Εργασίας στην Παραγωγή, Βιβλιογραφία.
520 ## - SUMMARY, ETC.
Summary, etc. Εισαγωγή στη Βιομηχανική Παραγωγή Παγκοσμίου Κλάσεως (World Class Manufacturing), Συστήματα Παραγωγής και Στοιχεία Βελτιστοποίησης Χώρου (Plant Layout), Νέες Τεχνολογίες Παραγωγήε: CAD AND CAM κ.τ.λ., Μελέτες Εργασίας και Πρότυποι Χρόνοι, Προγραμματισμός Παραγωγής και Προσέγγιση Just In Time (JIT), Διαχείριση Υλικών και Έλεγχος Αποθεμάτων, Διασφάλιση Ποιότητας και Έλεγχος Παραγωγής, Προληπτική Συντήρηση Εξοπλισμού κατά TPM (Total Productive Maintenance), Ευέλικτα Συστήματα Παραγωγής (Flexible Manufacturing Systems - FMS), Αρχές Άνεσης Εργασίας στην Παραγωγή, Βιβλιογραφία.
700 1# - ΠΡΟΣΘΕΤΗ ΑΝΑΓΡΑΦΗ--ΦΥΣΙΚΟ ΠΡΟΣΩΠΟ
Personal name Σκιττίδη Φιλήμονος Χρ
9 (RLIN) 5545
942 ## - ADDED ENTRY ELEMENTS (KOHA)
Koha item type Books
Holdings
Τύπος τεκμηρίου Βιβλιοθήκη Τρέχουσα τοποθεσία Barcode Αριθμός εισαγωγής Ημερομηνία απόκτησης Ταξιθετικό σύμβολο Αριθμός αντιτύπου Κατάσταση απόσυρσης Κατάσταση χαμένου Κατάσταση κατεστραμμένου Μη δανεισμός Σύνολο δανεισμών Ημερομηνία τελευταίας εμφάνισης Η τιμή ισχύει από
Books MC Athens Campus Library MC Athens Campus Library 9780000045683 5324 05/06/2025 658.5 SKI 1           05/06/2025 05/06/2025

MC Athens Campus Library
Πατησίων 94 & Κοδριγκτώνος 13, 104 34
Πελλήνης 8 & Πατησίων 107, 112 51
Τ: +30 210 8899600

MC Thessaloniki Campus Library
Ίωνος Δραγούμη 21, 54625 | Ίωνος Δραγούμη 15, 54625
Τ: +30 2310 287779 – Τ: +30 2314 440300